000 00649nam a2200229Ia 4500
001 15910
003 GE_BSU
008 181216s||||||||xx |||||||||||||| ||und||
040 _cGE_BSU
080 _a821.353.1-1
100 _aხალვაში, ფრიდონ
245 _aლტოლვა
245 _bლექსები
245 _cრედ.ლ.სვიტია. მხ. ლ.გულიაშვილი
260 _aთბილისი
260 _bნაკადული
260 _c1974
300 _a90გვ. ; 17სმ
653 _aლექსები
653 _aლტოლვა
942 _cBK
999 _c49005
_d49005